Biblioteca

La ciudad y el mal (Registro nro. 51837)

Detalles MARC
000 -LÍDER
Campo fijo de descripción fija 00917aab a2200193 i 4500
001 - NÚMERO DE CONTROL
Campo de control 768714001
003 - IDENTIFICADOR DEL NÚMERO DE CONTROL
Campo de control CO-MdFUSB
005 - FECHA Y HORA DE LA ULTIMA TRANSACCIÓN
control field 20240403143424.0
008 - ELEMENTOS DE LONGITUD FIJA -- INFORMACIÓN GENERAL
Campo fijo de descripción fija -- Información general 240403t1989 ag ||||| |||| 00| 0 spa d
040 ## - FUENTE DE CATALOGACIÓN
Idioma de catalogación spa
Agencia que realiza la transcripción CO-MdFUSB
041 ## - CÓDIGO DE IDIOMA
Código de idioma para texto/pista de sonido o título separado spa
100 1# - ASIENTO PRINCIPAL--NOMBRE PERSONAL
Nombre personal Breneman, Mervin (1930-)
Término relacionador autor
245 10 - TÍTULO
Título La ciudad y el mal
Mención de responsabilidad / Mervin Breneman
300 ## - DESCRIPCIÓN FÍSICA
Extensión Volumen 8, número 3 (septiembre,1989), páginas: 18 - 21
Dimensiones ; 27 cm
520 ## - NOTA DE RESUMEN, ETC.
Nota de sumario, etc. La reconciliación con Dios por medio de Jesucristo nos salva de ser absorbidos y condenados por estos males (espiritismo, corrupción, magia, violencia y astrología). La vida cristiana, en unión con Cristo en su muerte y resurrección, nos salva de estos males en nuestra vida cotidiana.<br/><br/><br/><br/><br/><br/><br/><br/>
650 #7 - ASIENTO SECUNDARIO DE MATERIA - TERMINO TEMÁTICO
Término temático o nombre geográfico como elemento de entrada Escatología
9 (RLIN) 213
773 0# - ASIENTO DE ITEM FUENTE
Título Iglesia y Misión
Biblionumber 49402
Itemnumber 59672
Parte(s) relacionada(s) / Volumen., número. (mes año), páginas Volumen 8, número 3 (septiembre,1989), páginas: 18 - 21
Enumeración y primera página páginas: 18
942 ## - TIPO DE MATERIAL (KOHA)
Tipo de Item KOHA Artículos de Revista

No hay ítems disponibles.

Biblioteca FUSBC | Teléfono: (57+4) 349 88 10 Ext. 141| WhatsApp (+57) 3005338115 
E-mail: biblioteca@unisbc.edu.co | Calle 76 87-14 Robledo Palenque, Medellín, Colombia

Con tecnología Koha